[Event "Pan American-ch School U15 Girls 12th"]
[Site "Callao"]
[Date "2023.10.20"]
[Round "8"]
[White "Salas Porras, Anghelina Jazmin"]
[Black "Norabuena Ticona, Gabriela Paola"]
[Result "1/2-1/2"]
[WhiteElo "1303"]
[BlackElo "1468"]
[PlyCount "101"]
[EventDate "2023.10.16"]
[EventType "swiss"]
[EventRounds "9"]
[EventCountry "PER"]
[SourceTitle "Mega2024 Update 01"]
[Source "Chessbase"]
[SourceDate "2023.11.12"]
[SourceVersion "1"]
[SourceVersionDate "2023.11.12"]
[SourceQuality "1"]

1. e4 e6 2. d4 d5 3. exd5 exd5 4. Bd3 Bd6 5. Nf3 Nf6 6. 0-0 0-0 7. Bg5 h6 8. Bh4 Bg4 9. Nbd2 Bf4 10. Bg3 Bxg3 11. fxg3 Qd6 12. Qe1 Re8 13. Qf2 Nc6 14. c3 Re7 15. Nh4 Rae8 16. h3 Bd7 17. Rae1 Rxe1 18. Rxe1 Rxe1+ 19. Qxe1 Qe6 20. Qxe6 Bxe6 21. g4 g6 22. Nb3 b6 23. Kf2 Nd7 24. Ke3 Ne7 25. Nd2 Nc6 26. b3 Kg7 27. c4 Nb4 28. Bb1 c5 29. a3 Nc6 30. Nhf3 Kf6 31. Bd3 Na5 32. dxc5 dxc4 33. Nxc4 Nxc4+ 34. Bxc4 Bxc4 35. bxc4 bxc5 36. Ke4 Ke6 37. g5 h5 38. Nd2 Nb6 39. Kd3 Ke5 40. Ne4 Nxc4 41. Kxc4 Kxe4 42. Kxc5 h4 43. a4 Kf4 44. Kd6 Kg3 45. Ke7 Kxg2 46. Kxf7 Kxh3 47. Kxg6 Kg3 48. Kf5 h3 49. g6 h2 50. g7 h1Q 51. g8Q+ 1/2-1/2

[Event "Pan American-ch School U15 Girls 12th"]
[Site "Callao"]
[Date "2023.10.17"]
[Round "3"]
[White "Norabuena Ticona, Gabriela Paola"]
[Black "Fernandez Alata, Yenyfer"]
[Result "1/2-1/2"]
[WhiteElo "1468"]
[BlackElo "1041"]
[PlyCount "40"]
[EventDate "2023.10.16"]
[EventType "swiss"]
[EventRounds "9"]
[EventCountry "PER"]
[SourceTitle "Mega2024 Update 01"]
[Source "Chessbase"]
[SourceDate "2023.11.12"]
[SourceVersion "1"]
[SourceVersionDate "2023.11.12"]
[SourceQuality "1"]

1. d4 Nf6 2. Bg5 e6 3. e4 Be7 4. e5 Nd5 5. Bxe7 Qxe7 6. c4 Nf4 7. Nc3 d6 8. exd6 cxd6 9. Qg4 Ng6 10. Qe4 0-0 11. Nf3 Re8 12. Bd3 d5 13. cxd5 exd5 14. Qxe7 Rxe7+ 15. Kd2 Be6 16. Ng5 Nc6 17. Nxe6 Rxe6 18. Nxd5 Rd6 19. Nc7 Rad8 20. d5 R8d7 1/2-1/2